| 000 | 01453nam a2200361 c 4500 | ||
|---|---|---|---|
| 003 | BLK | ||
| 005 | 20250228133408.0 | ||
| 008 | 180408b bul|||||r ||||||| ||bul|| | ||
| 010 | _aKNG00068013000 | ||
| 020 |
_a954-361-003-7 _bиздат.: Ирина Галчовска-Гея-11 |
||
| 040 | _aBLK | ||
| 041 |
_aBUL _cBUL |
||
| 080 |
_aНемска литература _b821.112.2 _x-311.6 _z821.112.2-311.6 |
||
| 100 | 1 |
_aДан, Феликс _eпърви автор _9291603 |
|
| 700 | 1 |
_aПетров, Мариан _eпрев. от нем. _9370312 |
|
| 139 |
_aДан, Феликс _bД 16 |
||
| 245 | 1 | 0 |
_aБитката за Рим _bРоман _cФеликс Дан; прев. от нем. Мариан Петров. |
| 257 | _aDEU | ||
| 260 |
_аДобрич _bИрина Галчовска-Гея-11 _c2006 |
||
| 300 |
_a444 с. _c20 см |
||
| 380 | _aX | ||
| 490 | 1 | _aБиблиотека Посоки | |
| 490 | 1 |
_3Подсерия _aПоредица Исторически романи |
|
| 500 | _aОриг. загл. Kampf um Pom / Felix Dahn. - На загл. с. местоизд. означено София. - Офс. изд. | ||
| 651 | 4 |
_aДревен Рим _9254522 |
|
| 653 | _aисторически романи | ||
| 852 | _aЦб 229116 | ||
| 856 | 4 |
_qpdf _u |
|
| 856 | 4 |
_qpdf _u |
|
| 942 |
_cKNG _n0 _014 |
||
| 944 |
_aCR _c19.09.2006 _k30535 _lХристина Везирева |
||
| 944 |
_aED _c25.10.2008 _k |
||
| 999 |
_c63754 _d63754 |
||